| 000 | 00749nam a22002057a 4500 | ||
|---|---|---|---|
| 999 |
_c191543 _d191543 |
||
| 005 | 20220908153314.0 | ||
| 010 | _aB-745480 | ||
| 020 |
_a9789384385606 _c250.00 |
||
| 037 | _bBooksTreasure | ||
| 245 |
_aThird Gender, Concubines and Slaves: _bA Study in Historical Persprctive through the ages / _cedited by S.P. Vyas and Manorama Upadhyaya |
||
| 250 | _a1st | ||
| 260 |
_aJodhpur _bBooks Treasure _c2021 |
||
| 270 |
_aB/H Agra Sweet Home _bJodhpur _e342001 _k0291-2657530 _mdemandabook@gmail.com |
||
| 300 |
_a152p. _c22cm(hbk) |
||
| 500 | _aIndex | ||
| 700 | _aVyas, S.P. | ||
| 700 | _aUpadhyaya, Manorama | ||
| 942 |
_2ddc _cEN _mTHI _h306.760954 |
||